Urban land economics (2nd Ed.) (Record no. 78563)

MARC details
000 -LEADER
fixed length control field 00831nam a2200217 a 4500
008 - FIXED-LENGTH DATA ELEMENTS--GENERAL INFORMATION
fixed length control field 120416s1987 ||||||||||||||||| || u
020 ## - INTERNATIONAL STANDARD BOOK NUMBER
International Standard Book Number 0333443497
050 ## - LIBRARY OF CONGRESS CALL NUMBER
Classification number HD 598 Har
100 ## - MAIN ENTRY--PERSONAL NAME
Personal name Harvey, Jack
245 10 - TITLE STATEMENT
Title Urban land economics (2nd Ed.)
250 ## - EDITION STATEMENT
Edition statement 2nd ed.
260 ## - PUBLICATION, DISTRIBUTION, ETC.
Place of publication, distribution, etc. London
Name of publisher, distributor, etc. Macmillan
Date of publication, distribution, etc. 1987
300 ## - PHYSICAL DESCRIPTION
Extent xiv, 408p. : ill.
350 ## -
-- 0.00
650 ## - SUBJECT ADDED ENTRY--TOPICAL TERM
Topical term or geographic name entry element LAND
650 ## - SUBJECT ADDED ENTRY--TOPICAL TERM
Topical term or geographic name entry element LAND USE, URBAN--GREAT BRITAIN
650 ## - SUBJECT ADDED ENTRY--TOPICAL TERM
Topical term or geographic name entry element REAL ESTATE DEVELOPMENT--GREAT BRITAIN
650 ## - SUBJECT ADDED ENTRY--TOPICAL TERM
Topical term or geographic name entry element REAL PROPERTY--GREAT BRITAIN
995 ## -
-- SHORT LOAN BOOKS
-- 0.00
-- 712295
-- CBU-MAIN LIBRARY (Kitwe)
-- 1
-- 0.00
-- HD 598 Har
-- 2
-- AVAILABLE
-- Nov 16, 2006
-- 004756
-- Short Loan Collection
995 ## -
-- SHORT LOAN BOOKS
-- 0.00
-- 712294
-- CBU-MAIN LIBRARY (Kitwe)
-- 1
-- 0.00
-- HD 598 Har
-- 1
-- AVAILABLE
-- Nov 16, 2006
-- 020287
-- Short Loan Collection
999 ## -
-- 78563
-- 78563
Holdings
Withdrawn status Lost status Source of classification or shelving scheme Damaged status Not for loan Permanent Location Current Location Shelving location Date acquired Total Checkouts Full call number Barcode Date last seen Copy number Price effective from Koha item type
          CBU-MAIN LIBRARY, KITWE. CBU-MAIN LIBRARY, KITWE.   05/17/2023   HD 598 Har 004756 05/17/2023 1 05/17/2023 SHORT LOAN COLLECTION
          CBU-MAIN LIBRARY, KITWE. CBU-MAIN LIBRARY, KITWE.   05/17/2023   HD 598 Har 020287 05/17/2023 2 05/17/2023 SHORT LOAN COLLECTION